Tratado de pedagogía general
Na minha lista:
| Autor principal: | |
|---|---|
| Formato: | Livro |
| Idioma: | espanhol |
| Publicado em: |
Buenos Aires
El Ateneo
1970
|
| Edição: | 6a. ed |
| coleção: | Biblioteca nuevas orientaciones de la educación
|
| Assuntos: | |
| Tags: |
Adicionar Tag
Sem tags, seja o primeiro a adicionar uma tag!
|
MARC
| LEADER | 00000nam a2200000 a 4500 | ||
|---|---|---|---|
| 001 | UCW4653 | ||
| 003 | CL-VaPUC | ||
| 008 | 900612e19700000AG |||||||||||||||||spa|d | ||
| 082 | 0 | 4 | |a 370.1 |b HUB |2 21 |
| 100 | |a Hubert, René |e author |9 356773 | ||
| 245 | 1 | 0 | |a Tratado de pedagogía general |
| 250 | |a 6a. ed | ||
| 300 | |a 459 p | ||
| 942 | |c BK | ||
| 945 | |d 19900612 00:00:00 | ||
| 260 | |a Buenos Aires |b El Ateneo |c 1970 | ||
| 650 | 0 | |a Pedagogía |9 255351 | |
| 650 | 0 | |a Objetivos educativos |9 306344 | |
| 650 | 0 | |a Filosofía de la educación |9 258384 | |
| 583 | |a last modification |c 19900612 00:00:00 |k Rodrigo Vera | ||
| 490 | 0 | |a Biblioteca nuevas orientaciones de la educación | |
| 999 | |c 218322 |d 218320 | ||
| 952 | |0 0 |1 0 |4 0 |6 370_100000000000000_HUB_1970 |7 0 |8 P |9 207687 |a BIBEDU |b BIBEDU |c BIBEDU_PB |d 2019-11-15 |i 2755122 |o 370.1 HUB 1970 |p 2755122 |r 2024-01-25 |w 2019-11-15 |y BK |k EDU | ||
| 952 | |0 0 |1 0 |4 0 |6 370_100000000000000_HUB_1970 |7 0 |8 P |9 207688 |a BIBEDU |b BIBEDU |c BIBEDU_PB |d 2019-11-15 |i 1547690 |o 370.1 HUB 1970 |p 1547690 |r 2024-01-25 |w 2019-11-15 |y BK |k EDU | ||
| 952 | |0 0 |1 0 |4 0 |6 370_100000000000000_HUB_1970 |7 0 |8 P |9 207689 |a BIBEDU |b BIBEDU |c BIBEDU_PB |d 2019-11-15 |i 1547682 |o 370.1 HUB 1970 |p 1547682 |r 2024-01-25 |w 2019-11-15 |y BK |k EDU | ||